<?xml version="1.0" encoding="UTF-8"?>
<record
    xmlns:xsi="http://www.w3.org/2001/XMLSchema-instance"
    xsi:schemaLocation="http://www.loc.gov/MARC21/slim http://www.loc.gov/standards/marcxml/schema/MARC21slim.xsd"
    xmlns="http://www.loc.gov/MARC21/slim">

  <leader>01967cam a22002654a 4500</leader>
  <controlfield tag="001">14982336</controlfield>
  <controlfield tag="005">20210414114213.0</controlfield>
  <controlfield tag="008">070827s2008    ohua          001 0 eng  </controlfield>
  <datafield tag="010" ind1=" " ind2=" ">
    <subfield code="a">  2006910204</subfield>
  </datafield>
  <datafield tag="020" ind1=" " ind2=" ">
    <subfield code="a">9780324376166 (hbk.)</subfield>
  </datafield>
  <datafield tag="040" ind1=" " ind2=" ">
    <subfield code="a">DLC</subfield>
    <subfield code="c">DLC</subfield>
    <subfield code="d">DLC</subfield>
  </datafield>
  <datafield tag="050" ind1="0" ind2="0">
    <subfield code="a">HF5635.H444 </subfield>
  </datafield>
  <datafield tag="100" ind1="1" ind2=" ">
    <subfield code="a">Heintz, James A.</subfield>
  </datafield>
  <datafield tag="245" ind1="1" ind2="0">
    <subfield code="a">College accounting. /</subfield>
    <subfield code="c">James A. Heintz, Robert W. Parry, Jr.</subfield>
  </datafield>
  <datafield tag="250" ind1=" " ind2=" ">
    <subfield code="a">19th ed.</subfield>
  </datafield>
  <datafield tag="260" ind1=" " ind2=" ">
    <subfield code="a">Mason, OH :</subfield>
    <subfield code="b">Thomson/South-Western,</subfield>
    <subfield code="c">2008.</subfield>
  </datafield>
  <datafield tag="300" ind1=" " ind2=" ">
    <subfield code="a">xxxii, 1136 p. :</subfield>
    <subfield code="b">ill. ;</subfield>
    <subfield code="c">29 cm.</subfield>
  </datafield>
  <datafield tag="500" ind1=" " ind2=" ">
    <subfield code="a">Includes index.</subfield>
  </datafield>
  <datafield tag="505" ind1=" " ind2=" ">
    <subfield code="a">Contents: Accounting For service business: Introduction to accounting -- Analyzing transcations: The Accounting equation -- The Double- entry framework -- Finanical  statements and the closing process -- Accounting for cash and payroll: Accounting for cash -- Payroll accouning: employees earnings and deductions -- Payroll accounting: employer taxes and reports -- Accounting for a merchandising business: Accounting for sales and cash receipts -- Special journals -- Specialized accounting procedues for merchandising businesses and partnerships: Accounting for accounts receivables -- Accounting for notes and interest -- Accounting for long- term assets -- Accounting for corporations and manufacturing businesses: Corporations: organization and capital stock -- Corporations: Taxes, earnings, distributions and the retained earnings statement -- Corporations: bonds -- Statement of cash flows -- Analysis of financial statements -- Departmental accounting -- manufacturing accounting:  the Job order cost system -- Manufacturing accounting: the Work sheet and financial statements -- Module 1: accounting for a professional service business: the combination journal -- Answers to self-study test questions.</subfield>
  </datafield>
  <datafield tag="650" ind1=" " ind2="0">
    <subfield code="a">Accounting.</subfield>
  </datafield>
  <datafield tag="700" ind1="1" ind2=" ">
    <subfield code="a">Parry, Robert W.,</subfield>
    <subfield code="d">1950-</subfield>
  </datafield>
  <datafield tag="906" ind1=" " ind2=" ">
    <subfield code="a">7</subfield>
    <subfield code="b">cbc</subfield>
    <subfield code="c">origcop</subfield>
    <subfield code="d">3</subfield>
    <subfield code="e">epcn</subfield>
    <subfield code="f">20</subfield>
    <subfield code="g">y-gencatlg</subfield>
  </datafield>
  <datafield tag="942" ind1=" " ind2=" ">
    <subfield code="2">lcc</subfield>
    <subfield code="c">BK</subfield>
  </datafield>
  <datafield tag="999" ind1=" " ind2=" ">
    <subfield code="c">2833</subfield>
    <subfield code="d">10333</subfield>
  </datafield>
  <datafield tag="952" ind1=" " ind2=" ">
    <subfield code="0">0</subfield>
    <subfield code="1">0</subfield>
    <subfield code="2">lcc</subfield>
    <subfield code="4">0</subfield>
    <subfield code="7">0</subfield>
    <subfield code="a">WIUC-1</subfield>
    <subfield code="b">WIUC-1</subfield>
    <subfield code="c">CC</subfield>
    <subfield code="d">2014-04-10</subfield>
    <subfield code="l">0</subfield>
    <subfield code="o">HF5635 .H444</subfield>
    <subfield code="p">815/008/13</subfield>
    <subfield code="r">2014-04-10 00:00:00</subfield>
    <subfield code="t">1</subfield>
    <subfield code="w">2014-04-10</subfield>
    <subfield code="y">BK</subfield>
  </datafield>
</record>
